Technical assistance in the PREM portfolio : Stocktaking and lessons learned

Đã lưu trong:
書目詳細資料
格式: 圖書
語言:Undetermined
出版: Washington DC The World Bank
主題:
標簽: 添加標簽
沒有標簽, 成為第一個標記此記錄!
Thư viện lưu trữ: Trung tâm Học liệu Trường Đại học Cần Thơ
LEADER 00474nam a2200157Ia 4500
001 CTU_62826
008 210402s9999 xx 000 0 und d
082 |a 362.5 
082 |b T255 
245 0 |a Technical assistance in the PREM portfolio : 
245 0 |b Stocktaking and lessons learned 
260 |a Washington DC 
260 |b The World Bank 
650 |a Problems of and services to poor people 
904 |i MInh 
980 |a Trung tâm Học liệu Trường Đại học Cần Thơ